000
00296nam a2200121Ia 4500
008
190722s9999 xx 000 0 und d
020
_a
978-0-07-0634329
100
_a
Mitchel R. Schultz
245
0
_a
Grob's Basic Electronics
260
_a
New Delhi
_b
McGraw Hill
_c
2007
300
_a
1150
942
_c
BK
999
_c
35
_d
35